[Event "2021 FIDE Online Olympiad"]
[Site "Chess.com"]
[Date "2021.08.29"]
[Round "9.4"]
[White "Wijnhard, Joelle"]
[Black "Papeta, Ariadni"]
[Result "1-0"]
[WhiteElo "1291"]
[BlackElo "1128"]
[PlyCount "73"]
[EventDate "2021.08.27"]
[EventType "team"]
[EventRounds "9"]
[SourceVersionDate "2018.05.14"]
[WhiteTeam "Suriname"]
[BlackTeam "Cyprus"]
[WhiteTeamCountry "SUR"]
[BlackTeamCountry "CYP"]

1. e4 e5 2. Nf3 Nc6 3. d4 exd4 4. Nxd4 Nxd4 5. Qxd4 Nf6 6. Nc3 Be7 7. Qd1 O-O
8. Bd3 d6 9. h3 Be6 10. O-O Qd7 11. Be3 d5 12. exd5 Nxd5 13. Nxd5 Bxd5 14. Be2
h6 15. Bf3 c6 16. Qe2 Rad8 17. Bxd5 Qxd5 18. Rfd1 Qe6 19. a3 Rxd1+ 20. Rxd1 Bg5
21. Rd3 Bxe3 22. Rxe3 Qd7 23. Rd3 Qc7 24. Re3 Qc8 25. Rg3 Re8 26. Re3 Rxe3 27.
Qxe3 Qd7 28. Qe2 g5 29. Kf1 f5 30. Qc4+ Kg7 31. Qe2 g4 32. hxg4 fxg4 33. Qe5+
Kg6 34. Qe4+ Kh5 35. Qe5+ Kh4 36. g3+ Kh3 37. Qh5# 1-0

[Event "2021 FIDE Online Olympiad"]
[Site "Chess.com"]
[Date "2021.08.29"]
[Round "9.5"]
[White "Amvrosiades, Themistokles"]
[Black "Kalka, Shiva"]
[Result "0-1"]
[WhiteElo "1000"]
[BlackElo "1614"]
[PlyCount "54"]
[EventDate "2021.08.27"]
[EventType "team"]
[EventRounds "9"]
[SourceVersionDate "2018.05.14"]
[WhiteTeam "Cyprus"]
[BlackTeam "Suriname"]
[WhiteTeamCountry "CYP"]
[BlackTeamCountry "SUR"]

1. e4 c5 2. c3 d5 3. f3 Nc6 4. d4 dxe4 5. fxe4 cxd4 6. cxd4 Qxd4 7. Qxd4 Nxd4
8. Be3 Nc2+ 9. Kd1 Nxe3+ 10. Ke2 Nc2 11. Kd2 Nxa1 12. Nc3 e5 13. Bb5+ Bd7 14.
Bc4 Nf6 15. Nf3 Bb4 16. Nxe5 Bxc3+ 17. Kxc3 O-O 18. Rxa1 Rac8 19. Rd1 Be6 20.
b3 b5 21. Kb4 bxc4 22. bxc4 Nxe4 23. Re1 Rb8+ 24. Ka4 Nc5+ 25. Ka3 Rb6 26. h4
Rfb8 27. Nxf7 Ra6# 0-1

[Event "2021 FIDE Online Olympiad"]
[Site "Chess.com"]
[Date "2021.08.29"]
[Round "9.6"]
[White "Kaslan, Catherine"]
[Black "Antoniou, Evalena"]
[Result "1-0"]
[WhiteElo "1856"]
[BlackElo "1000"]
[PlyCount "73"]
[EventDate "2021.08.27"]
[EventType "team"]
[EventRounds "9"]
[SourceVersionDate "2018.05.14"]
[WhiteTeam "Suriname"]
[BlackTeam "Cyprus"]
[WhiteTeamCountry "SUR"]
[BlackTeamCountry "CYP"]

1. e4 e5 2. Nf3 Nc6 3. d4 f6 4. dxe5 fxe5 5. Bb5 Bb4+ 6. c3 Bc5 7. Bxc6 dxc6 8.
Qxd8+ Kxd8 9. Nxe5 Nf6 10. Nf7+ Ke8 11. Nxh8 Nxe4 12. Be3 Bf5 13. Nd2 b6 14.
Nxe4 Bxe4 15. Bxc5 bxc5 16. f3 Bd3 17. O-O-O Bf5 18. g4 Be6 19. Rhe1 Ke7 20. f4
Rd8 21. Rxd8 Kxd8 22. Rxe6 Kd7 23. Re5 Kd6 24. Kd2 c4 25. Ke3 c5 26. Nf7+ Kc6
27. h4 Kb5 28. f5 Kc6 29. g5 g6 30. fxg6 hxg6 31. h5 gxh5 32. g6 h4 33. g7 h3
34. g8=Q h2 35. Qg2+ Kd7 36. Qd5+ Kc8 37. Re8# 1-0

[Event "2021 FIDE Online Olympiad"]
[Site "Chess.com"]
[Date "2021.08.29"]
[Round "9.1"]
[White "Harper, Ryan"]
[Black "Almiron, Antonio"]
[Result "0-1"]
[WhiteElo "2198"]
[BlackElo "2329"]
[PlyCount "68"]
[EventDate "2021.08.27"]
[EventType "team"]
[EventRounds "9"]
[SourceVersionDate "2018.05.14"]
[WhiteTeam "Trinidad & Tobago"]
[BlackTeam "Paraguay"]
[BlackTeamCountry "PAR"]

1. e4 c5 2. Nf3 d6 3. d4 cxd4 4. Nxd4 Nf6 5. Nc3 a6 6. Nb3 b5 7. a4 b4 8. Nd5
e6 9. Nxb4 Nxe4 10. a5 Bb7 11. Be3 Nd7 12. Nd3 Be7 13. Be2 O-O 14. O-O Qc7 15.
Bf3 e5 16. Nb4 Ndf6 17. Bb6 Qc4 18. c3 Qe6 19. Re1 d5 20. Nd2 Rfc8 21. Nd3 Qf5
22. Nf1 Bd6 23. h4 h5 24. Ne3 Qg6 25. Rc1 Re8 26. c4 d4 27. Nd5 Nxd5 28. Bxe4
f5 29. Bxd5+ Bxd5 30. cxd5 e4 31. Rc6 exd3 32. Rxe8+ Rxe8 33. Bc7 Qg4 34. f3
Qg3 0-1

[Event "2021 FIDE Online Olympiad"]
[Site "Chess.com"]
[Date "2021.08.29"]
[Round "9.2"]
[White "Benitez Galeano, Alejandro"]
[Black "Johnson, Joshua"]
[Result "0-1"]
[WhiteElo "1985"]
[BlackElo "2145"]
[PlyCount "48"]
[EventDate "2021.08.27"]
[EventType "team"]
[EventRounds "9"]
[SourceVersionDate "2018.05.14"]
[WhiteTeam "Paraguay"]
[BlackTeam "Trinidad & Tobago"]
[WhiteTeamCountry "PAR"]

1. Nf3 d5 2. c4 d4 3. g3 Nc6 4. Bg2 e5 5. d3 Bb4+ 6. Bd2 a5 7. O-O Nge7 8. e3
O-O 9. exd4 exd4 10. a3 Bc5 11. Re1 Bf5 12. Ne5 Nxe5 13. Rxe5 Bd6 14. Rxa5 Bxd3
15. c5 Be5 16. Bxb7 Rb8 17. Qf3 Bg6 18. c6 Bf6 19. Bb4 Re8 20. Nd2 d3 21. Nc4
Qd4 22. Nd2 Qxb2 23. Re1 Bc3 24. Rb1 Qxd2 0-1

[Event "2021 FIDE Online Olympiad"]
[Site "Chess.com"]
[Date "2021.08.29"]
[Round "9.3"]
[White "Johnson, Gabriella"]
[Black "Vargas, Gabriela"]
[Result "0-1"]
[WhiteElo "1733"]
[BlackElo "2105"]
[PlyCount "56"]
[EventDate "2021.08.27"]
[EventType "team"]
[EventRounds "9"]
[SourceVersionDate "2018.05.14"]
[WhiteTeam "Trinidad & Tobago"]
[BlackTeam "Paraguay"]
[BlackTeamCountry "PAR"]

1. e4 e6 2. d4 d5 3. exd5 exd5 4. Nf3 Bd6 5. Bd3 Ne7 6. O-O Nbc6 7. a3 Bg4 8.
h3 Bxf3 9. Qxf3 Nxd4 10. Qg4 Ne6 11. Nc3 c6 12. f4 g6 13. f5 gxf5 14. Bxf5 Rg8
15. Qh5 Nxf5 16. Qxf5 Qb6+ 17. Kh1 O-O-O 18. Qxf7 Ng7 19. Bh6 Rdf8 20. Nxd5
cxd5 21. Qxd5 Rd8 22. Rf7 Bc7 23. Qc4 Nf5 24. Bf4 Nd6 25. Bxd6 Qxd6 26. Kg1
Qh2+ 27. Kf2 Qxg2+ 28. Ke3 Rge8+ 0-1

[Event "2021 FIDE Online Olympiad"]
[Site "Chess.com"]
[Date "2021.08.29"]
[Round "9.4"]
[White "Mayeregger Gonzalez, Renata"]
[Black "James, Shemilah"]
[Result "0-1"]
[WhiteElo "1007"]
[BlackElo "1494"]
[PlyCount "256"]
[EventDate "2021.08.27"]
[EventType "team"]
[EventRounds "9"]
[SourceVersionDate "2018.05.14"]
[WhiteTeam "Paraguay"]
[BlackTeam "Trinidad & Tobago"]
[WhiteTeamCountry "PAR"]

1. e4 e5 2. Nf3 Nc6 3. d4 exd4 4. Nxd4 Qf6 5. Nxc6 Bc5 6. Qf3 Qxf3 7. gxf3 dxc6
8. Nc3 Nf6 9. Be3 Bb4 10. Bd2 Be6 11. Bd3 O-O-O 12. O-O-O Rd6 13. a3 Ba5 14. e5
Rxd3 15. cxd3 Bxc3 16. Bxc3 Nd5 17. Rhg1 g6 18. d4 Nf4 19. Kd2 Rd8 20. Ke3 Nd5+
21. Kd2 Nf4 22. Ke3 Nd5+ 23. Kd2 b6 24. Kc1 Nf4 25. Rge1 Bf5 26. Re3 Nd5 27.
Ree1 Be6 28. Rd2 Bf5 29. Ree2 a5 30. Re1 Nf4 31. Re3 Kb7 32. Kd1 Be6 33. Re4
Nd5 34. Re1 Bf5 35. Kc1 Nf4 36. Re3 Ka6 37. Ree2 Nxe2+ 38. Rxe2 Be6 39. Re3 Rd5
40. f4 c5 41. dxc5 Rxc5 42. Kd2 Bf5 43. Ke2 Rd5 44. f3 Rc5 45. Kf2 Rc4 46. Kg3
h6 47. Kf2 b5 48. b3 Rc5 49. b4 axb4 50. axb4 Rd5 51. Ke2 c5 52. bxc5 Rxc5 53.
Bd4 Rc2+ 54. Kd1 Rxh2 55. Ra3+ Kb7 56. Ra7+ Kc6 57. Rxf7 b4 58. Rf6+ Kd5 59.
Rd6+ Kc4 60. Be3 b3 61. Bd4 b2 62. Bxb2 Rxb2 63. e6 Rb7 64. Kd2 Re7 65. Rd8
Rxe6 66. Rh8 h5 67. Rc8+ Kd5 68. Rd8+ Kc6 69. Rc8+ Kd7 70. Rc3 Rd6+ 71. Ke3
Re6+ 72. Kd2 Rc6 73. Ra3 Rc2+ 74. Ke3 Rh2 75. Ra7+ Kc6 76. Ra6+ Kb5 77. Ra3 Rh3
78. Kf2 Rh2+ 79. Ke3 Kb4 80. Ra8 Kc5 81. Ra5+ Kd6 82. Ra6+ Kc5 83. Ra5+ Kb4 84.
Ra8 Rh1 85. Rb8+ Kc5 86. Ra8 Re1+ 87. Kf2 Rb1 88. Ra5+ Rb5 89. Ra1 Rb4 90. Ra5+
Kb6 91. Ra8 Rxf4 92. Ra3 Rc4 93. Kg3 Kc5 94. Ra5+ Kd4 95. Ra8 Rc5 96. Rd8+ Ke5
97. Re8+ Kf6 98. Rf8+ Ke7 99. Ra8 Rc7 100. Ra1 Rd7 101. Re1+ Kf6 102. Ra1 Rd6
103. Ra8 Be6 104. Rf8+ Bf7 105. Ra8 Re6 106. Ra4 Re5 107. Rf4+ Ke6 108. Ra4
Rg5+ 109. Kf4 Rf5+ 110. Kg3 Rd5 111. Ra6+ Rd6 112. Ra3 g5 113. Re3+ Kf5 114.
Ra3 h4+ 115. Kf2 Rd2+ 116. Ke3 Rd5 117. Ra7 Be6 118. Ra8 Rb5 119. Rf8+ Kg6 120.
Ra8 Rb3+ 121. Kf2 Bd5 122. Ra6+ Kf5 123. Ra7 Rxf3+ 124. Ke2 Kg4 125. Ra4+ Rf4
126. Ra7 h3 127. Ra5 h2 128. Ra1 h1=Q 0-1

[Event "2021 FIDE Online Olympiad"]
[Site "Chess.com"]
[Date "2021.08.29"]
[Round "9.5"]
[White "Yearwood, Sean"]
[Black "Allo Collante, Enrique"]
[Result "1-0"]
[WhiteElo "1678"]
[BlackElo "1619"]
[PlyCount "117"]
[EventDate "2021.08.27"]
[EventType "team"]
[EventRounds "9"]
[SourceVersionDate "2018.05.14"]
[WhiteTeam "Trinidad & Tobago"]
[BlackTeam "Paraguay"]
[BlackTeamCountry "PAR"]

1. e4 c6 2. d4 d5 3. e5 Bf5 4. c4 e6 5. Nc3 Ne7 6. Nf3 h6 7. Be3 Nd7 8. Be2
dxc4 9. Bxc4 Nb6 10. Bb3 Ned5 11. Nxd5 Nxd5 12. O-O Be7 13. a3 Nxe3 14. fxe3
O-O 15. Bc2 Bg4 16. h3 Bh5 17. g4 Bg6 18. Bxg6 fxg6 19. Qc2 Kh7 20. Kg2 Qd5 21.
Kg3 c5 22. h4 cxd4 23. exd4 Rac8 24. Qd3 Qc4 25. Qxc4 Rxc4 26. Rac1 Rfc8 27.
Rxc4 Rxc4 28. Rd1 Kg8 29. Rd2 Kf7 30. g5 h5 31. Kf2 b5 32. Ke3 a5 33. Kd3 Rc1
34. Rf2 b4 35. Nd2+ Ke8 36. axb4 Bxb4 37. Nc4 Rh1 38. Rf4 Ke7 39. b3 Rh3+ 40.
Kc2 a4 41. bxa4 Rc3+ 42. Kb2 Rxc4 43. Kb3 Bd2 44. Kxc4 Bxf4 45. a5 Kd7 46. Kc5
Kc7 47. a6 Bg3 48. d5 Bxe5 49. dxe6 Bd6+ 50. Kd5 Be7 51. a7 Kb7 52. a8=Q+ Kxa8
53. Kc6 Kb8 54. Kd7 Bc5 55. e7 Bxe7 56. Kxe7 Kc7 57. Kf7 Kd7 58. Kxg6 Ke7 59.
Kxg7 1-0

[Event "2021 FIDE Online Olympiad"]
[Site "Chess.com"]
[Date "2021.08.29"]
[Round "9.6"]
[White "Perez Canete, Dora Romina"]
[Black "La Fleur, Zara"]
[Result "0-1"]
[WhiteElo "1374"]
[BlackElo "1299"]
[PlyCount "100"]
[EventDate "2021.08.27"]
[EventType "team"]
[EventRounds "9"]
[SourceVersionDate "2018.05.14"]
[WhiteTeam "Paraguay"]
[BlackTeam "Trinidad & Tobago"]
[WhiteTeamCountry "PAR"]

1. e4 e5 2. Nf3 Nc6 3. Bc4 Bc5 4. O-O Nf6 5. d3 O-O 6. Bg5 d6 7. h3 h6 8. Bh4
Be6 9. Bb3 Qe7 10. Nc3 Nd4 11. Nxd4 Bxd4 12. Nd5 Bxd5 13. Bxd5 c6 14. Bc4 b5
15. c3 Bxc3 16. bxc3 bxc4 17. Bxf6 Qxf6 18. dxc4 Rab8 19. Qa4 Qe6 20. Rad1 Rfc8
21. Rd2 Rc7 22. Rfd1 Rd8 23. c5 d5 24. exd5 cxd5 25. Qa5 Rcd7 26. Qa4 Rc8 27.
Qa5 Qc6 28. c4 d4 29. f4 f6 30. fxe5 fxe5 31. Rf2 Qxc5 32. Qa4 Re7 33. Qa6 Rc6
34. Qb5 Qxc4 35. Qb8+ Rc8 36. Qd6 Qc5 37. Qg6 Rc6 38. Qe4 Rf7 39. Rxf7 Kxf7 40.
Rf1+ Kg8 41. Kh1 Qd6 42. Qd3 Qe6 43. Re1 Rc3 44. Qb5 d3 45. Rxe5 Qf6 46. Re8+
Kh7 47. Qd5 Rc1+ 48. Kh2 Qf4+ 49. g3 Rc2+ 50. Kh1 Qf1# 0-1

[Event "2021 FIDE Online Olympiad"]
[Site "Chess.com"]
[Date "2021.08.27"]
[Round "1.1"]
[White "Christie, Joshua"]
[Black "Zilleruelo Irizarry, Diego"]
[Result "1-0"]
[WhiteElo "1915"]
[BlackElo "2119"]
[PlyCount "67"]
[EventDate "2021.08.27"]
[EventType "team"]
[EventRounds "9"]
[SourceVersionDate "2018.05.14"]
[WhiteTeam "Jamaica"]
[BlackTeam "Puerto Rico"]
[WhiteTeamCountry "JAM"]
[BlackTeamCountry "PUR"]

1. d4 Nf6 2. c4 g6 3. Nc3 d5 4. e3 Bg7 5. Qb3 c6 6. Nf3 O-O 7. Bd2 Ne4 8. cxd5
Nxc3 9. Bxc3 cxd5 10. Bd3 Nc6 11. O-O Qd6 12. h3 Rb8 13. Rac1 Bf5 14. Bxf5 gxf5
15. g3 Bf6 16. Ne1 Kh8 17. Nd3 Rg8 18. Kg2 e6 19. Bb4 Nxb4 20. Qxb4 Qa6 21. Qb3
b6 22. Rc7 Rg7 23. Nf4 Bd8 24. Rd7 Qc8 25. Rxa7 Rb7 26. Rxb7 Qxb7 27. Qb5 Rg8
28. Rc1 Qa7 29. a3 Qa5 30. Qd7 Qd2 31. Rc8 Bf6 32. Nh5 Bg5 33. Rxg8+ Kxg8 34.
Qe8# 1-0

[Event "2021 FIDE Online Olympiad"]
[Site "Chess.com"]
[Date "2021.08.27"]
[Round "1.2"]
[White "Rodriguez Santiago, Jaime"]
[Black "Matthews, Shane"]
[Result "1/2-1/2"]
[WhiteElo "2037"]
[BlackElo "2247"]
[PlyCount "105"]
[EventDate "2021.08.27"]
[EventType "team"]
[EventRounds "9"]
[SourceVersionDate "2018.05.14"]
[WhiteTeam "Puerto Rico"]
[BlackTeam "Jamaica"]
[WhiteTeamCountry "PUR"]
[BlackTeamCountry "JAM"]

1. c4 e5 2. Nc3 Nc6 3. g3 f5 4. Bg2 Nf6 5. d3 d6 6. e4 g6 7. Nge2 Bg7 8. O-O
O-O 9. h3 h6 10. f4 exf4 11. Nxf4 Kh7 12. exf5 Bxf5 13. g4 Bd7 14. d4 g5 15.
Qd3+ Kg8 16. Nfe2 Rb8 17. Be3 Ne7 18. a4 c6 19. a5 a6 20. Ng3 Be8 21. Qd2 Bg6
22. d5 c5 23. Rae1 Rf7 24. Nce4 Nxe4 25. Nxe4 Rxf1+ 26. Rxf1 Qc7 27. h4 gxh4
28. Bxh6 Rf8 29. Rxf8+ Bxf8 30. Bxf8 Kxf8 31. Qf4+ Ke8 32. Nf6+ Kd8 33. Qh6 Kc8
34. g5 Kb8 35. Qf8+ Ka7 36. Bh3 Bf5 37. Bxf5 Nxf5 38. Ne8 Qxa5 39. Qxf5 Qe1+
40. Kg2 Qxe8 41. g6 Qe2+ 42. Kh3 Qxb2 43. Kxh4 a5 44. Qf7 Qh2+ 45. Kg5 Qg3+ 46.
Kh6 Qh4+ 47. Kg7 a4 48. Qc7 Qxc4 49. Qa5+ Kb8 50. Qd8+ Ka7 51. Qa5+ Kb8 52.
Qd8+ Ka7 53. Qa5+ 1/2-1/2

[Event "2021 FIDE Online Olympiad"]
[Site "Chess.com"]
[Date "2021.08.27"]
[Round "1.3"]
[White "Miller, Rachel"]
[Black "Morales Santos, Natasha"]
[Result "1-0"]
[WhiteElo "2004"]
[BlackElo "1720"]
[PlyCount "103"]
[EventDate "2021.08.27"]
[EventType "team"]
[EventRounds "9"]
[SourceVersionDate "2018.05.14"]
[WhiteTeam "Jamaica"]
[BlackTeam "Puerto Rico"]
[WhiteTeamCountry "JAM"]
[BlackTeamCountry "PUR"]

1. e4 e6 2. d4 d5 3. Nd2 dxe4 4. Nxe4 Nd7 5. Nf3 Ngf6 6. Nxf6+ Nxf6 7. Bd3 c5
8. c3 Bd6 9. Qe2 O-O 10. dxc5 Bxc5 11. Be3 Qc7 12. O-O-O a6 13. g4 Nd5 14. Bxc5
Qxc5 15. Ng5 h6 16. Ne4 Qc7 17. Bc2 b5 18. Kb1 Bb7 19. Rhg1 Rad8 20. g5 Qf4 21.
gxh6 Qxh6 22. Ng5 Nf4 23. Qg4 Ng6 24. Rxd8 Rxd8 25. Nxe6 fxe6 26. Bxg6 Bd5 27.
Bc2 Rf8 28. Qg3 Qf6 29. h4 Rf7 30. h5 Qxf2 31. Qg6 Qf6 32. Qh7+ Kf8 33. Bg6 Qf2
34. Rc1 Rf6 35. Qh8+ Ke7 36. Qxg7+ Kd6 37. Qa7 Qh2 38. Qxa6+ Ke7 39. Qa7+ Kd6
40. Qa6+ Ke7 41. Qxb5 Rf2 42. Qe8+ Kd6 43. Qd8+ Kc6 44. Qa8+ Kc7 45. Qa7+ Bb7
46. Qc5+ Kb8 47. Qb4 Ka7 48. a4 Bd5 49. Ka1 Rf4 50. Qb5 Qd2 51. Rb1 Qc2 52.
Bxc2 1-0

[Event "2021 FIDE Online Olympiad"]
[Site "Chess.com"]
[Date "2021.08.27"]
[Round "1.4"]
[White "Rivera Negron, Yanira"]
[Black "Clarke, Adani"]
[Result "0-1"]
[WhiteElo "1773"]
[BlackElo "1646"]
[PlyCount "196"]
[EventDate "2021.08.27"]
[EventType "team"]
[EventRounds "9"]
[SourceVersionDate "2018.05.14"]
[WhiteTeam "Puerto Rico"]
[BlackTeam "Jamaica"]
[WhiteTeamCountry "PUR"]
[BlackTeamCountry "JAM"]

1. d4 Nf6 2. Nf3 e6 3. Bf4 d5 4. e3 Be7 5. c3 O-O 6. Bd3 b6 7. Nbd2 Ba6 8. Qc2
Bxd3 9. Qxd3 c5 10. O-O Nc6 11. Ne5 Nxe5 12. Bxe5 Rc8 13. Rac1 Qd7 14. f3 Qb7
15. Rfe1 Rfd8 16. Qe2 Nd7 17. Bg3 Bf6 18. Kh1 h6 19. Bf2 Nf8 20. dxc5 bxc5 21.
Nb3 Be7 22. Red1 Ng6 23. Bg3 Qc6 24. Na1 Bf6 25. b3 Qb6 26. c4 d4 27. exd4 Bxd4
28. Nc2 Bf6 29. Na3 a6 30. Nc2 Qa5 31. Ne3 Bd4 32. Ng4 Qa3 33. Nf2 Qa5 34. Ne4
Qb6 35. Rd2 Rd7 36. Rcd1 Rcd8 37. h4 Qc6 38. h5 Ne7 39. Bh2 e5 40. Ng3 Qe6 41.
Nf1 Nf5 42. g4 Nd6 43. Ng3 Qf6 44. Ne4 Nxe4 45. Qxe4 Re7 46. Bg3 Qe6 47. Kg2
Red7 48. Re2 Re7 49. Rde1 Rde8 50. Bh4 f6 51. Bg3 Qf7 52. Qf5 Qe6 53. Qg6 Qf7
54. Qd3 Qe6 55. Kh2 Qc6 56. Qf5 Qe6 57. Qxe6+ Rxe6 58. f4 Kf7 59. fxe5 Bxe5 60.
Bxe5 Rxe5 61. Rxe5 Rxe5 62. Rxe5 fxe5 63. Kg3 Kf6 64. Kf3 Kg5 65. Ke4 Kxg4 66.
Kxe5 Kxh5 67. Kd6 g5 68. Kxc5 g4 69. Kb6 g3 70. c5 g2 71. c6 g1=Q+ 72. Kb7 Qa1
73. c7 Qxa2 74. c8=Q Qxb3+ 75. Ka7 Qe3+ 76. Ka8 Qe4+ 77. Ka7 Qd4+ 78. Kxa6 Qd6+
79. Kb5 Qe5+ 80. Kb4 Qe7+ 81. Kc3 Qf6+ 82. Kd2 Qf4+ 83. Kd3 Kg5 84. Qg8+ Kh4
85. Qd8+ Kg4 86. Qg8+ Qg5 87. Qc4+ Kh3 88. Qe6+ Kh4 89. Qd6 h5 90. Ke2 Qg4+ 91.
Kf2 Qf5+ 92. Kg2 Qg4+ 93. Kf2 Qf5+ 94. Kg2 Qc2+ 95. Kg1 Qc1+ 96. Kg2 Qc2+ 97.
Kg1 Qg6+ 98. Kh2 Qxd6+ 0-1

[Event "2021 FIDE Online Olympiad"]
[Site "Chess.com"]
[Date "2021.08.27"]
[Round "1.5"]
[White "Glaves, Raheem"]
[Black "Gerena Rivas, Eliam"]
[Result "1-0"]
[WhiteElo "1983"]
[BlackElo "1954"]
[PlyCount "57"]
[EventDate "2021.08.27"]
[EventType "team"]
[EventRounds "9"]
[SourceVersionDate "2018.05.14"]
[WhiteTeam "Jamaica"]
[BlackTeam "Puerto Rico"]
[WhiteTeamCountry "JAM"]
[BlackTeamCountry "PUR"]

1. d4 c5 2. dxc5 e6 3. c4 Bxc5 4. Nc3 Nf6 5. Nf3 Nc6 6. e3 O-O 7. Be2 a6 8. O-O
d6 9. b3 Qe7 10. Bb2 Rd8 11. Qb1 h6 12. Rd1 e5 13. h3 Be6 14. Nd5 Bxd5 15. cxd5
Nb4 16. e4 Rac8 17. Rd2 Qc7 18. Bd1 a5 19. a3 Na6 20. Nh4 Ba7 21. Nf5 Kf8 22.
Qd3 Nc5 23. Qg3 g6 24. Qh4 gxf5 25. Qxf6 Nxe4 26. Qxh6+ Ke7 27. Qh4+ Kd7 28.
Qh7 Nxd2 29. Qxf7# 1-0

[Event "2021 FIDE Online Olympiad"]
[Site "Chess.com"]
[Date "2021.08.27"]
[Round "1.6"]
[White "Alvarado Perez, Coralys M."]
[Black "Brown, Raehanna"]
[Result "0-1"]
[WhiteElo "1529"]
[BlackElo "1540"]
[PlyCount "54"]
[EventDate "2021.08.27"]
[EventType "team"]
[EventRounds "9"]
[SourceVersionDate "2018.05.14"]
[WhiteTeam "Puerto Rico"]
[BlackTeam "Jamaica"]
[WhiteTeamCountry "PUR"]
[BlackTeamCountry "JAM"]

1. e4 c5 2. g3 Nc6 3. Bg2 g6 4. Ne2 Bg7 5. O-O Nf6 6. c3 d5 7. exd5 Nxd5 8. d3
O-O 9. Nf4 e6 10. Na3 a6 11. h3 Qd7 12. Qe2 b5 13. c4 Nxf4 14. Bxf4 b4 15. Nc2
Bxb2 16. Rad1 Bg7 17. Bxc6 Qxc6 18. Kh2 Bb7 19. f3 Rad8 20. Be5 Bxe5 21. Qxe5
Qd6 22. Qxd6 Rxd6 23. Ne3 Rfd8 24. Ng4 Rxd3 25. Rxd3 Rxd3 26. Ne5 Re3 27. Nd7
Bxf3 0-1

[Event "2021 FIDE Online Olympiad"]
[Site "Chess.com"]
[Date "2021.08.27"]
[Round "1.2"]
[White "Rodriguez Ulloa, Josue"]
[Black "Edwards, Emar"]
[Result "1-0"]
[WhiteElo "1707"]
[BlackElo "1455"]
[PlyCount "139"]
[EventDate "2021.08.27"]
[EventType "team"]
[EventRounds "9"]
[SourceVersionDate "2018.05.14"]
[WhiteTeam "Honduras"]
[BlackTeam "Barbados"]
[WhiteTeamCountry "HON"]
[BlackTeamCountry "BAR"]

1. e4 c5 2. Nf3 e6 3. d3 Nc6 4. Nbd2 Nge7 5. g3 Ng6 6. Bg2 Be7 7. O-O O-O 8.
Re1 Qc7 9. c3 Bf6 10. h4 d6 11. Nf1 Bd7 12. N1h2 e5 13. h5 Nge7 14. g4 g6 15.
g5 Bh8 16. Nh4 Qc8 17. Bf3 b5 18. Bg4 b4 19. Bxd7 Qxd7 20. Ng4 Bg7 21. Nf6+
Bxf6 22. gxf6 Nc8 23. Kh2 Qe6 24. Bg5 Nb6 25. Rg1 Nd7 26. Qf3 bxc3 27. bxc3
Rab8 28. Bh6 Qxf6 29. Qxf6 Nxf6 30. Bxf8 Kxf8 31. Rab1 Rxb1 32. Rxb1 Nxh5 33.
Ng2 Kg7 34. Rb7 Nf6 35. f4 exf4 36. Nxf4 Ng4+ 37. Kg3 h5 38. Rd7 Nce5 39. Rxd6
Kh6 40. d4 cxd4 41. cxd4 Nc4 42. Rc6 Nd2 43. e5 Ne4+ 44. Kf3 Ng5+ 45. Kg2 h4
46. Rc8 Ne3+ 47. Kf2 Ng4+ 48. Kf1 h3 49. Nxh3 Nxh3 50. Rh8+ Kg5 51. Rxh3 Nh6
52. Ra3 Nf5 53. d5 Kf4 54. e6 fxe6 55. dxe6 Ke5 56. Ra6 g5 57. Kf2 g4 58. a3
Kf6 59. Rxa7 Kxe6 60. Rb7 Kd6 61. a4 Kc6 62. Rb1 Nd6 63. Kg3 Nb7 64. Kxg4 Nc5
65. Rb4 Na6 66. Rb1 Nc5 67. a5 Nb7 68. a6 Na5 69. a7 Kc7 70. a8=Q 1-0

[Event "2021 FIDE Online Olympiad"]
[Site "Chess.com"]
[Date "2021.08.27"]
[Round "1.3"]
[White "Figueroa, Julissa"]
[Black "Torres Hernandez, Leslie Carolin"]
[Result "1-0"]
[WhiteElo "1701"]
[BlackElo "1861"]
[PlyCount "71"]
[EventDate "2021.08.27"]
[EventType "team"]
[EventRounds "9"]
[SourceVersionDate "2018.05.14"]
[WhiteTeam "Barbados"]
[BlackTeam "Honduras"]
[WhiteTeamCountry "BAR"]
[BlackTeamCountry "HON"]

1. e4 e5 2. Nf3 Nc6 3. d4 exd4 4. Nxd4 Bc5 5. Be3 Nxd4 6. Bxd4 Bxd4 7. Qxd4 Qf6
8. e5 Qb6 9. Qxb6 axb6 10. Nc3 Ne7 11. O-O-O Ng6 12. Bc4 O-O 13. Rhe1 Re8 14.
f4 c6 15. g3 b5 16. Bb3 Kf8 17. Ne4 h6 18. a3 b6 19. Nd6 Re7 20. h4 h5 21. c4
bxc4 22. Nxc4 Ba6 23. Nxb6 Rb8 24. Nxd7+ Rxd7 25. Rxd7 Rxb3 26. f5 Rxg3 27.
fxg6 Rxg6 28. Red1 Re6 29. Rd8+ Re8 30. Rxe8+ Kxe8 31. Rd6 Bb7 32. Kd2 Ke7 33.
Rd3 f6 34. exf6+ Kxf6 35. Rd7 Ba8 36. Ra7 1-0

[Event "2021 FIDE Online Olympiad"]
[Site "Chess.com"]
[Date "2021.08.27"]
[Round "1.4"]
[White "Ortiz, Katherine Berenice"]
[Black "Wilson, Hannah"]
[Result "1-0"]
[WhiteElo "1842"]
[BlackElo "1164"]
[PlyCount "163"]
[EventDate "2021.08.27"]
[EventType "team"]
[EventRounds "9"]
[SourceVersionDate "2018.05.14"]
[WhiteTeam "Honduras"]
[BlackTeam "Barbados"]
[WhiteTeamCountry "HON"]
[BlackTeamCountry "BAR"]

1. d4 d5 2. Nf3 c5 3. e3 Nf6 4. g3 e6 5. Bg2 Nc6 6. O-O Bd7 7. c4 Bd6 8. Nc3
cxd4 9. exd4 O-O 10. c5 Bc7 11. Re1 b6 12. cxb6 Bxb6 13. h3 Rc8 14. Bg5 h6 15.
Be3 Na5 16. Qe2 Nc4 17. Bf4 Ba5 18. Rec1 Qb6 19. b3 Na3 20. Qb2 Nb5 21. Nxb5
Bxb5 22. b4 Bd3 23. a3 Qb7 24. Qd2 Bc4 25. bxa5 Ne4 26. Qb4 Qd7 27. Ne5 Qd8 28.
Bxe4 dxe4 29. Rxc4 f6 30. Ng4 g5 31. Be3 h5 32. Nh2 f5 33. Rxc8 Qxc8 34. Rc1
Qd8 35. Qc4 Qe7 36. Qc5 Qf7 37. Bxg5 Qg7 38. h4 f4 39. Qe5 Qxe5 40. dxe5 f3 41.
Nf1 Rb8 42. Nd2 Rb5 43. Bf4 Rxa5 44. Ra1 Ra4 45. Kf1 Kf7 46. Ke1 Kg6 47. Nb3
Kf5 48. Nc5 Rc4 49. Nb3 Ra4 50. Nd2 Rd4 51. Kd1 Ra4 52. Kc2 Ra6 53. Kb3 Rb6+
54. Kc3 Rc6+ 55. Nc4 Rc5 56. Rd1 Kg4 57. Re1 Kh3 58. Rxe4 Kg2 59. Be3 Rc6 60.
Bxa7 Ra6 61. Be3 Ra4 62. Kb3 Ra6 63. a4 Ra8 64. Nd6 Rb8+ 65. Rb4 Ra8 66. Kc4
Ra5 67. Kd4 Rd5+ 68. Ke4 Ra5 69. Nf7 Ra8 70. Ng5 Rg8 71. a5 Ra8 72. Ra4 Rg8 73.
a6 Ra8 74. a7 Kf1 75. Nxf3 Kg2 76. Nd4 Kh3 77. Nxe6 Kg2 78. Nc7 Rf8 79. a8=Q
Rxa8 80. Rxa8 Kh3 81. e6 Kg2 82. e7 1-0

[Event "2021 FIDE Online Olympiad"]
[Site "Chess.com"]
[Date "2021.08.27"]
[Round "1.5"]
[White "Wilson, Louis"]
[Black "Chahin Godoy, Angel Eduardo"]
[Result "0-1"]
[WhiteElo "1143"]
[BlackElo "1342"]
[PlyCount "62"]
[EventDate "2021.08.27"]
[EventType "team"]
[EventRounds "9"]
[SourceVersionDate "2018.05.14"]
[WhiteTeam "Barbados"]
[BlackTeam "Honduras"]
[WhiteTeamCountry "BAR"]
[BlackTeamCountry "HON"]

1. e4 e6 2. d4 d5 3. Nc3 Nf6 4. Bg5 Be7 5. e5 Nfd7 6. h4 h6 7. Bxe7 Qxe7 8. Nf3
a6 9. Ne2 c5 10. c3 Nc6 11. Nf4 b5 12. Qd2 Bb7 13. Bd3 Nb6 14. g4 O-O-O 15. Bc2
Nc4 16. Qc1 cxd4 17. cxd4 Qb4+ 18. Nd2 Nxd4 19. Bd3 Kb8 20. Bxc4 dxc4 21. Rh3
Nf3+ 22. Rxf3 Bxf3 23. a3 Qa5 24. a4 Bb7 25. axb5 Qxb5 26. Nxc4 Rd4 27. Nd6
Qxe5+ 28. Qe3 Qxd6 29. Ne2 Re4 30. Qc3 Rc8 31. Qxg7 Qd3 0-1